<?xml version="1.0" encoding="UTF-8"?>
<collection xmlns="http://www.loc.gov/MARC21/slim">
 <record>
  <leader>00444pamaa2200145   4500</leader>
  <controlfield tag="001">0000034242</controlfield>
  <controlfield tag="005">20070213090000.0</controlfield>
  <datafield tag="020" ind1="0" ind2="0">
   <subfield code="a">0750646373 </subfield>
  </datafield>
  <datafield tag="090" ind1="0" ind2="0">
   <subfield code="a">TK145 </subfield>
   <subfield code="b">ELE 2003</subfield>
  </datafield>
  <datafield tag="245" ind1="1" ind2="0">
   <subfield code="a">ELECTRICAL engineer's reference book : </subfield>
   <subfield code="b">edited by M.A.Laughton CEng, D.J. Warne CEng.</subfield>
  </datafield>
  <datafield tag="250" ind1="0" ind2="0">
   <subfield code="a">16th ed.</subfield>
  </datafield>
  <datafield tag="260" ind1="0" ind2="0">
   <subfield code="a">Oxford: </subfield>
   <subfield code="b">Newnes, </subfield>
   <subfield code="c">2003.</subfield>
  </datafield>
  <datafield tag="300" ind1=" " ind2=" ">
   <subfield code="a">Various pages.; </subfield>
   <subfield code="c">25cm.</subfield>
  </datafield>
  <datafield tag="650" ind1="0" ind2="0">
   <subfield code="a">Electrical engineering -- </subfield>
   <subfield code="x">Reference </subfield>
  </datafield>
  <datafield tag="650" ind1="0" ind2="0">
   <subfield code="a">Electrical engineering </subfield>
  </datafield>
 </record>
</collection>
